| 000 | 00453nam a22001697a 4500 | ||
|---|---|---|---|
| 003 | OSt | ||
| 008 | 260505b |||||||| |||| 00| 0 eng d | ||
| 082 |
_a633.18 _bJ46T |
||
| 100 | _aJha, Prem Narain | ||
| 245 | _aTime of Nitrogen Application for Late Maturing High Yielding Rice | ||
| 260 |
_aPusa, Samastipur _bRAU, Dept. of Agronomy, TCA _c1979 |
||
| 300 | _a59P. | ||
| 502 |
_bMsc. _d1979 |
||
| 650 | _aAgronomy | ||
| 650 | _aMsc. | ||
| 942 |
_2ddc _cT |
||
| 999 |
_c50416 _d50416 |
||